01120agaaa2200265 45000010005000000030009000050050017000140070009000310080040000400400023000800410013001031000048001161300029001642450101001932500022002942600061003163000022003775380016003995460013004156500097004287000061005259420012005869990019005989520237006176275IT-RoPAU20220918181303.0d cvaizq50131s9999||||xx ||| | || ||und|| aIT-RoPAUcIT-RoPAU aITALIANO aAA.VV. gCodice regista SPICS: 12000954048 aFISICA DEL COLORE954049 aFISICA DEL COLOREcDiretto da: AA.VV. pFISICA DEL COLORE (Rif. Codice opera principale : 26275) aEdizione Standard aROMA (ITALIA)bRAI - RADIO TELEVISIONE ITALIANA / gn.d. aVHSbsonoro, col. aPAL, STEREO aITALIANO aDIDATTICOeTV-PROG. DIDATTICO/CULTURALI-DOCUMENTARI [VHS]xCodice MATERIA SPICS: 9962954050 aAA.VV. e(regista/i)gCodice regista SPICS: 12000954048 cVH2ddc c107934d107934 001040626275_00000000000000071aSPICSbSPICSd2015-01-31l0o26275r2015-01-31 00:00:00w2015-01-31yVHzProgr. Ins.: 1691 / N.Vol.:1 / Copie: 1 / Pag.: / Copia rara: NO / date import: 1.2.2015 / By Epidotti, Trombetti, Vaglietti